Catholic Feast Days by Date - Statistics

General Stats
  • This quiz has been taken 469 times
  • The average score is 7 of 16
Answer Stats
Hint Answer % Correct
Nativity December 25
87%
All Saints November 1
87%
Saint Stephen December 26
58%
Immaculate Conception December 8
52%
Assumption August 15
50%
Mary, the Holy Mother of God January 1
44%
Saint Joseph March 19
44%
Annunciation March 25
40%
Holy Innocents December 28
38%
Saints Peter and Paul June 29
37%
Nativity of Saint John the Baptist June 24
36%
Presentation February 2
35%
Archangels September 29
33%
Most Holy Body and Blood of Christ Varies
33%
Saint Mark April 25
32%
Exaltation of the Holy Cross September 14
28%
No matching quizzes found
Score Distribution
Percent of People with Each Score
Percentile by Number Answered
Your Score History
You have not taken this quiz